Score 0/36 Timer 06:00
6 Plays Today
Hint Answer % Correct
 
▼    Music    ▼
 
Michael Jackson
98%
 
▼    Movies    ▼
 
Forrest Gump
96.3%
 
▼    Television    ▼
 
Friends
95.8%
Donald Trump
95.2%
Princess Diana
94.7%
 
▼    History    ▼
 
George H.W. Bush
94.6%
Star Trek: The Next Generation
94.5%
Spice Girls
93.2%
The Fresh Prince of Bel-Air
92.1%
Tickle Me Elmo
87.2%
Wayne's World
86%
Pretty Woman
86%
Sister Act
85.3%
Steve Jobs
81.7%
U2
80.5%
Clueless
75.6%
Al Gore
73.4%
Buffy the Vampire Slayer
72.2%
Hint Answer % Correct
 
▼    Sports    ▼
 
Andre Agassi
70.6%
Matilda
69.4%
Dawson's Creek
68.8%
Dennis Rodman
68.8%
Dexter's Laboratory
61%
Alanis Morissette
60.8%
Red Hot Chili Peppers
60.6%
Mikhail Gorbachev
58%
Evander Holyfield
55.5%
Nintendo 64
54.7%
Mortal Kombat
51.9%
Fugees
48.7%
Ronaldo
42%
NBA Jam
36.3%
Patrick 'St Patrick' Roy
26.5%
Need For Speed II SE
22.3%
Mark Grace
18.1%
 
▼    Gaming    ▼
 
Grim Fandango
9.6%
Remove Ads.
Support Sporcle.
Get the best of Sporcle when you Go Orange. This ad-free experience offers more features, more stats, and more fun while also helping to support Sporcle. Thank you for becoming a member.

You're not logged in!

Compare scores with friends on all Sporcle quizzes.
OR
Log In

Show Comments

Extras

Top Quizzes Today


Score Distribution

Your Account Isn't Verified!

In order to create a playlist on Sporcle, you need to verify the email address you used during registration. Go to your Sporcle Settings to finish the process.

Report this User

Report this user for behavior that violates our Community Guidelines.

Details: